00471nam a2200181Ia 4500003000400000005001700004008004100021020001500062040000700077041001200084082001700096100001700113245006500130260004000195300002500235365001300260700001600273OSt20251213161750.0210423s2008 xx 000 0 und d a8176499277 cAL aEnglish a420.2 bCHAR aJon Chandler aResourceful english teacherb: a complete teaching companion aNew DelhibViva Books Pvt Ltdc2008 a94p.bPBc28x21.5cm. b135cINR aStone, Mark